00356nam a2200133Ia 4500008004100000041000800041082001200049100002100061245004500082250001400127260004300141300003300184365000500217240624s9999 xx 000 0 und d aeng a657 WER aWERNER MICHAEL L aINTRODUCTION TO FINANCIAL ACCOUNTING A U a(3rd ed.) c2004aSingaporebPearson Prentice Hall axviii, : 574 : p. : cm. ; 28 c